|
|
|
|
| LEADER |
02557nam a22003853i 4500 |
| 001 |
EBC6824280 |
| 003 |
MiAaPQ |
| 005 |
20231204023220.0 |
| 006 |
m o d | |
| 007 |
cr cnu|||||||| |
| 008 |
231204s2021 xx o ||||0 eng d |
| 020 |
|
|
|a 9783030888671
|q (electronic bk.)
|
| 020 |
|
|
|z 9783030888664
|
| 035 |
|
|
|a (MiAaPQ)EBC6824280
|
| 035 |
|
|
|a (Au-PeEL)EBL6824280
|
| 035 |
|
|
|a (OCoLC)1290018814
|
| 040 |
|
|
|a MiAaPQ
|b eng
|e rda
|e pn
|c MiAaPQ
|d MiAaPQ
|
| 050 |
|
4 |
|a D111-203
|
| 082 |
0 |
|
|a 364.68
|
| 100 |
1 |
|
|a Frankot, Edda.
|
| 245 |
1 |
0 |
|a Banishment in the Late Medieval Eastern Netherlands :
|b Exile and Redemption in Kampen.
|
| 250 |
|
|
|a 1st ed.
|
| 264 |
|
1 |
|a Cham :
|b Springer International Publishing AG,
|c 2021.
|
| 264 |
|
4 |
|c ©2022.
|
| 300 |
|
|
|a 1 online resource (148 pages)
|
| 336 |
|
|
|a text
|b txt
|2 rdacontent
|
| 337 |
|
|
|a computer
|b c
|2 rdamedia
|
| 338 |
|
|
|a online resource
|b cr
|2 rdacarrier
|
| 505 |
0 |
|
|a Intro -- Acknowledgements -- Contents -- Abbreviations -- List of Figures -- Chapter 1: Introduction -- Chapter 2: The Legal Context -- Kampen and Its Sources -- The Illustrations in the Digestum Vetus -- Legal Context -- By-Laws -- Chapter 3: Punishment in Late Medieval Kampen -- Chapter 4: Exile: Banishment as a Punitive and Coercive Measure -- Typology, Numbers and Crimes -- Punishment Versus Coercive Measure -- Distance, Duration and Additional Punishments -- The Role of Gender and Morality -- The Role of Social Class -- Ceremony and Symbolism -- An Army of Exiles? -- Chapter 5: Redemption: The Repayment of Fines and the Reintegration of Exiles -- Returning to the Fold -- Financial Arrangements Between Town and Exiles -- Debt, Fines and Morality -- Conclusion -- Bibliography -- Manuscript Sources -- Stadsarchief Kampen (Town Archives Kampen) [SAK] -- Oud Archief [OA] -- Rechterlijk Archief [RA] -- Edited Primary Sources -- Secondary Works -- Unpublished Theses -- Index.
|
| 588 |
|
|
|a Description based on publisher supplied metadata and other sources.
|
| 590 |
|
|
|a Electronic reproduction. Ann Arbor, Michigan : ProQuest Ebook Central, 2023. Available via World Wide Web. Access may be limited to ProQuest Ebook Central affiliated libraries.
|
| 655 |
|
4 |
|a Electronic books.
|
| 776 |
0 |
8 |
|i Print version:
|a Frankot, Edda
|t Banishment in the Late Medieval Eastern Netherlands
|d Cham : Springer International Publishing AG,c2021
|z 9783030888664
|
| 797 |
2 |
|
|a ProQuest (Firm)
|
| 856 |
4 |
0 |
|u https://ebookcentral.proquest.com/lib/matrademy/detail.action?docID=6824280
|z Click to View
|